| 000 | 01467ny a22003733n 4500 | ||
|---|---|---|---|
| 003 | CaPaEBR | ||
| 005 | 20240305165325.0 | ||
| 006 | m u | ||
| 007 | cr cn||||||||| | ||
| 008 | 200606r2004 sp |||||s|||||||||||spa d | ||
| 020 | _a9788497727006 | ||
| 035 | _a1272 | ||
| 040 |
_aFlNmELB _cFlNmELB _dvlex |
||
| 050 | 1 | 4 |
_aR724 _bH532 2004eb |
| 050 | 1 | 4 |
_aR724 _bH532 2004eb |
| 080 | _a614.254(060.13) | ||
| 090 |
_c1107 _d1107 |
||
| 100 | 1 | _aHeras García, Manuel aÌAngel de las | |
| 245 | 1 | 0 |
_aEstatuto ético-jurídico de la profesión médica _h[Recurso electrónico] _nTomo I / _cManuel aÌAngel de las Heras García |
| 256 | _aServicio en línea | ||
| 260 |
_aMadrid : _bDykinson, _c[2004] |
||
| 300 | _axxv, 390 p | ||
| 506 | 1 |
_aContenido solo disponible en los productos indicados _dvLex Global _dvLex Global (Academic Edition, excluding Law Schools) _dvLex Global (U.S. Academic Edition, Law Schools) _dvLex Global (U.S. Academic Edition, excluding Law Schools) _dvLex Global (Academic Edition, Law Schools) |
|
| 650 | 0 | 7 |
_aMedicina _2Tesauro vLex |
| 650 | 0 | 7 |
_aMédicos _2Tesauro vLex |
| 650 | 0 | 7 |
_aMedicina legal _2Tesauro vLex |
| 650 | 0 | 7 |
_aProfesiones liberales _2Tesauro vLex |
| 650 | 0 | 7 |
_aMédicos _2Tesauro vLex |
| 650 | 0 | 7 |
_aProfesiones liberales _2Tesauro vLex |
| 740 | 0 | _avLex Libros (Servicios en línea) | |
| 740 | 0 | _avLex Libros (Servicios en línea) | |
| 856 | 4 | 0 | _uhttps://app.vlex.com/#/sources/1272 |
| 942 | _cRAA | ||
| 999 |
_c159607 _d159607 |
||